[Event "Plunge op 31st"]
[Site "Plunge"]
[Date "2011.07.23"]
[Round "7"]
[White "Prigodin, Ruslan"]
[Black "Macenis, Audrius"]
[Result "0-1"]
[WhiteElo "1866"]
[BlackElo "2160"]
[PlyCount "142"]
[EventDate "2011.07.19"]
[EventType "swiss"]
[EventRounds "9"]
[EventCountry "LTU"]
[SourceTitle "EXT 2012"]
[Source "ChessBase"]
[SourceDate "2011.11.24"]
[SourceVersion "1"]
[SourceVersionDate "2011.11.24"]
[SourceQuality "1"]

1. d4 Nf6 2. c4 e6 3. Nf3 b6 4. g3 Bb7 5. Bg2 Be7 6. 0-0 0-0 7. Nc3 Ne4 8. Nxe4 Bxe4 9. Ne1 Bxg2 10. Nxg2 c6 11. Bf4 d6 12. e4 Nd7 13. Qe2 Rc8 14. Rad1 Nf6 15. e5 Ne8 16. exd6 Bxd6 17. Rd3 Nf6 18. Bg5 Be7 19. Rfd1 Qd7 20. Bxf6 Bxf6 21. Ne3 g6 22. d5 exd5 23. cxd5 c5 24. b3 h5 25. a4 Rfe8 26. Qf3 Bd4 27. Nc2 Bg7 28. Ne3 Rcd8 29. Nc4 Bd4 30. d6 Re6 31. Rxd4 cxd4 32. Rxd4 Re1+ 33. Kg2 Qe6 34. Rf4 Qe2 35. Qxe2 Rxe2 36. Rd4 Re6 37. h4 Kf8 38. f4 Ke8 39. Kf3 a6 40. Rd5 Kd7 41. Ne5+ Kc8 42. d7+ Kc7 43. Rd3 f6 44. Rc3+ Kb7 45. Nxg6 Rd6 46. f5 R8xd7 47. Nf4 a5 48. Nxh5 Rd3+ 49. Rxd3 Rxd3+ 50. Kg4 Rxb3 51. Nxf6 b5 52. h5 bxa4 53. h6 a3 54. h7 a2 55. h8Q a1Q 56. Qg7+ Ka6 57. Nh5 Qxg7+ 58. Nxg7 a4 59. Ne6 Rb4+ 60. Kg5 a3 61. f6 a2 62. f7 Rb8 63. Nc5+ Kb5 64. Nb3 Kb4 65. Na1 Kc3 66. Kf6 Kb2 67. g4 Kxa1 68. Ke7 Kb2 69. f8Q Rxf8 70. Kxf8 a1Q 71. g5 Qg1 0-1

[Event "Plunge op 31st"]
[Site "Plunge"]
[Date "2011.07.21"]
[Round "4"]
[White "Macenis, Audrius"]
[Black "Sabaliauskas, Laimonas"]
[Result "1/2-1/2"]
[WhiteElo "2160"]
[BlackElo "1937"]
[PlyCount "22"]
[EventDate "2011.07.19"]
[EventType "swiss"]
[EventRounds "9"]
[EventCountry "LTU"]
[SourceTitle "EXT 2012"]
[Source "ChessBase"]
[SourceDate "2011.11.24"]
[SourceVersion "1"]
[SourceVersionDate "2011.11.24"]
[SourceQuality "1"]

1. e4 e5 2. Nf3 Nf6 3. d4 Nxe4 4. Bd3 d5 5. Nxe5 Be7 6. Qf3 Nf6 7. Nc3 0-0 8. Bg5 Nc6 9. Bxf6 Bxf6 10. Nxc6 bxc6 11. 0-0-0 Rb8 1/2-1/2

[Event "Plunge op 31st"]
[Site "Plunge"]
[Date "2011.07.20"]
[Round "2"]
[White "Macenis, Audrius"]
[Black "Velioniskis, Robertas"]
[Result "1-0"]
[WhiteElo "2160"]
[BlackElo "1923"]
[PlyCount "89"]
[EventDate "2011.07.19"]
[EventType "swiss"]
[EventRounds "9"]
[EventCountry "LTU"]
[SourceTitle "EXT 2012"]
[Source "ChessBase"]
[SourceDate "2011.11.24"]
[SourceVersion "1"]
[SourceVersionDate "2011.11.24"]
[SourceQuality "1"]

1. e4 e5 2. Nf3 Nc6 3. Bb5 a6 4. Bxc6 dxc6 5. 0-0 Qd6 6. d4 f6 7. dxe5 fxe5 8. b3 Bg4 9. Nbd2 0-0-0 10. Bb2 Qh6 11. Qc1 Nf6 12. Bxe5 Bxf3 13. Nxf3 Qxc1 14. Raxc1 Nxe4 15. Rfe1 Nf6 16. Rcd1 Bb4 17. c3 Ba5 18. Kf1 Rhe8 19. Bxf6 gxf6 20. Rxe8 Rxe8 21. Rd3 b5 22. c4 Re4 23. Rd4 Re7 24. g4 c5 25. Rf4 Bc3 26. Rf5 bxc4 27. Rxc5 Re4 28. Rxc4 Rxc4 29. bxc4 Kd7 30. Ke2 Kd6 31. Kd3 Bb2 32. Nd4 Ke5 33. Ne2 Ba3 34. f4+ Kd6 35. Nc3 Bc1 36. Ne4+ Ke7 37. f5 Bf4 38. h3 Be5 39. a4 c6 40. Nc5 a5 41. Ne6 Kd6 42. Ke4 Ke7 43. h4 Bg3 44. Nd4 Kd7 45. Nf3 1-0

[Event "LTU-chT 4th 0809"]
[Site "Lithuania"]
[Date "2009.03.01"]
[Round "7.11"]
[White "Bandza, Algirdas S"]
[Black "Macenis, Audrius"]
[Result "1-0"]
[WhiteElo "2378"]
[BlackElo "2165"]
[PlyCount "87"]
[EventDate "2008.11.08"]
[EventType "team"]
[EventRounds "9"]
[EventCountry "LTU"]
[SourceTitle "EXT 2024"]
[Source "ChessBase"]
[SourceDate "2023.10.10"]
[SourceVersion "1"]
[SourceVersionDate "2023.10.10"]
[SourceQuality "1"]

1. c4 e5 2. Nc3 Bb4 3. Qc2 Nc6 4. e3 Bxc3 5. Qxc3 Nge7 6. Nf3 d6 7. b4 Bg4 8. b5 Bxf3 9. gxf3 Nb8 10. f4 f6 11. fxe5 fxe5 12. Bg2 c6 13. c5 0-0 14. Bb2 Ng6 15. cxd6 Qg5 16. Bf1 cxb5 17. Qc7 Qf5 18. Qxb7 Qxf2+ 19. Kd1 Nd7 20. Be2 Nf6 21. Rc1 Rab8 22. Qc7 Qg2 23. Rf1 Qd5 24. Rc2 Qxa2 25. h4 Qb1+ 26. Bc1 Qb3 27. Ke1 Nxh4 28. Rxf6 Ng2+ 29. Kf2 Rxf6+ 30. Kg1 Rbf8 31. d7 Ne1 32. Rc4 Rg6+ 33. Kh2 Nf3+ 34. Bxf3 Qd3 35. Rg4 Rxg4 36. Bxg4 Qf1 37. d8Q Qf2+ 38. Kh3 Qf1+ 39. Kh4 Qh1+ 40. Bh3 Qe1+ 41. Kg5 Qg3+ 42. Bg4 h6+ 43. Kh5 g6+ 44. Kxh6 1-0

[Event "LTU-ch sf"]
[Site "Vilnius"]
[Date "2009.02.17"]
[Round "7"]
[White "Laurusas, Tomas"]
[Black "Macenis, Audrius"]
[Result "0-1"]
[WhiteElo "2078"]
[BlackElo "2164"]
[PlyCount "79"]
[EventDate "2009.02.13"]
[EventType "swiss"]
[EventRounds "9"]
[EventCountry "LTU"]
[SourceTitle "CBM 128 Extra"]
[Source "ChessBase"]
[SourceDate "2009.03.05"]
[SourceVersion "2"]
[SourceVersionDate "2009.03.25"]
[SourceQuality "1"]

1. c4 e5 2. Nc3 Bb4 3. Qb3 Nc6 4. e3 Bxc3 5. Qxc3 Nge7 6. a3 d5 7. cxd5 Qxd5 8. b4 a6 9. Bb2 Bg4 10. Qc4 Qd7 11. Nf3 Rd8 12. d3 Bxf3 13. gxf3 0-0 14. Rg1 Nd5 15. Rc1 Qe7 16. Qb3 Kh8 17. Rc5 Nb6 18. f4 f6 19. fxe5 Nxe5 20. Rg3 c6 21. d4 Ng6 22. Bd3 Nf4 23. Bb1 Nbd5 24. Kd2 Ne6 25. Rc1 f5 26. Re1 Qh4 27. Rg2 Qh3 28. Reg1 f4 29. Qd3 fxe3+ 30. fxe3 Rf3 31. Re2 Nef4 32. exf4 Rxd3+ 33. Bxd3 Nxf4 34. Rg3 Qh6 35. Kc2 Nxe2 36. Bxe2 Qxh2 37. Re3 Qd6 38. Bd3 Rf8 39. Rh3 Rf2+ 40. Kb3 0-1

[Event "LTU-chT 4th 0809"]
[Site "Lithuania"]
[Date "2008.11.08"]
[Round "1.11"]
[White "Asauskas, Henrikas"]
[Black "Macenis, Audrius"]
[Result "1-0"]
[WhiteElo "2323"]
[BlackElo "2165"]
[PlyCount "77"]
[EventDate "2008.11.08"]
[EventType "team"]
[EventRounds "9"]
[EventCountry "LTU"]
[SourceTitle "EXT 2024"]
[Source "ChessBase"]
[SourceDate "2023.10.10"]
[SourceVersion "1"]
[SourceVersionDate "2023.10.10"]
[SourceQuality "1"]

1. e4 e6 2. d4 d5 3. Nc3 Nf6 4. Bg5 dxe4 5. Nxe4 Nbd7 6. Nf3 Be7 7. Nxf6+ Bxf6 8. h4 c5 9. Bd3 cxd4 10. Qe2 Qa5+ 11. Bd2 Qb6 12. 0-0-0 Nc5 13. Bg5 Bd7 14. Bxf6 gxf6 15. Nxd4 Nxd3+ 16. Rxd3 0-0-0 17. Rhd1 e5 18. Rb3 Qa5 19. Qf3 Qa6 20. Nf5 Bxf5 21. Qxf5+ Kb8 22. Rbd3 Rxd3 23. Rxd3 Rc8 24. Qd7 Qc4 25. Qd6+ Ka8 26. Rc3 Qf1+ 27. Qd1 Qxd1+ 28. Kxd1 Rxc3 29. bxc3 f5 30. Ke2 Kb8 31. Kf3 h5 32. c4 Kc7 33. g3 Kc6 34. Ke3 Kc5 35. f3 Kxc4 36. g4 Kd5 37. gxh5 Ke6 38. h6 Kf6 39. h5 1-0

[Event "Panevezys op-A"]
[Site "Panevezys"]
[Date "2008.08.12"]
[Round "1"]
[White "Jankunas, Valentinas"]
[Black "Macenis, Audrius"]
[Result "0-1"]
[WhiteElo "1843"]
[BlackElo "2128"]
[PlyCount "78"]
[EventDate "2008.08.12"]
[EventType "swiss"]
[EventRounds "9"]
[EventCountry "LTU"]
[SourceTitle "CBM 125 Extra"]
[Source "ChessBase"]
[SourceDate "2008.09.01"]
[SourceVersion "1"]
[SourceVersionDate "2008.09.01"]
[SourceQuality "1"]

1. e4 e6 2. d4 d5 3. Nd2 Nf6 4. e5 Nfd7 5. Bd3 c5 6. c3 Nc6 7. Ne2 cxd4 8. cxd4 f6 9. exf6 Nxf6 10. 0-0 Bd6 11. Nf3 Qc7 12. Bg5 0-0 13. Bh4 e5 14. dxe5 Nxe5 15. Nxe5 Bxe5 16. Bg3 Bd7 17. Rc1 Bc6 18. Nd4 Bxg3 19. hxg3 Qb6 20. Qd2 Rae8 21. Rce1 Kh8 22. Ne6 Ne4 23. Bxe4 Rxe6 24. Bf3 Rg6 25. g4 Qc7 26. Qc3 Rgf6 27. Qe5 Qd8 28. Rd1 Re8 29. Qg3 d4 30. Rfe1 Rxe1+ 31. Rxe1 Bxf3 32. gxf3 d3 33. Qe5 h6 34. Kg2 Rd6 35. Rd1 d2 36. Qe3 Rd4 37. Kg3 Qd6+ 38. Kg2 Qd5 39. a3 Rxg4+ 0-1

[Event "Baltija Cup op 5th"]
[Site "Palanga"]
[Date "2008.06.16"]
[Round "1"]
[White "Macenis, Audrius"]
[Black "Tulabaite, Kotryna"]
[Result "1-0"]
[WhiteElo "2085"]
[BlackElo "1661"]
[PlyCount "41"]
[EventDate "2008.06.16"]
[EventType "swiss"]
[EventRounds "8"]
[EventCountry "LTU"]
[SourceTitle "EXT 2022"]
[Source "ChessBase"]
[SourceDate "2021.10.06"]
[SourceVersion "1"]
[SourceVersionDate "2021.10.06"]
[SourceQuality "1"]

1. e4 d5 2. exd5 Qxd5 3. Nc3 Qd6 4. d4 Nf6 5. Bd3 a6 6. Nge2 e6 7. 0-0 Be7 8. Bf4 Qd8 9. Ng3 Nbd7 10. Re1 c5 11. d5 Nb6 12. d6 Bf8 13. Qf3 Bxd6 14. Rad1 Kf8 15. Be4 Ne8 16. Bxb7 Rb8 17. Bxc8 Rxc8 18. Nge4 Rc6 19. Nxd6 Rxd6 20. Bxd6+ Nxd6 21. Rxe6 1-0

[Event "Plunge-ch"]
[Site "Plunge"]
[Date "2008.03.30"]
[Round "9.4"]
[White "Macenis, Audrius"]
[Black "Setkauskas, Vaidas"]
[Result "1-0"]
[WhiteElo "2078"]
[BlackElo "1952"]
[PlyCount "109"]
[EventDate "2008.01.20"]
[EventType "tourn"]
[EventRounds "11"]
[EventCountry "LTU"]
[SourceTitle "EXT 2023"]
[Source "ChessBase"]
[SourceDate "2022.10.05"]
[SourceVersion "1"]
[SourceVersionDate "2022.10.05"]
[SourceQuality "1"]

1. e4 c5 2. Nf3 d6 3. Bb5+ Nd7 4. d4 Ngf6 5. Nc3 cxd4 6. Qxd4 e5 7. Qd3 h6 8. Be3 Be7 9. 0-0-0 a6 10. Bxd7+ Bxd7 11. h3 Qa5 12. g4 Rc8 13. g5 hxg5 14. Bxg5 Rxc3 15. bxc3 Qxa2 16. Nxe5 dxe5 17. Bxf6 Ba3+ 18. Kd2 gxf6 19. Ra1 Qe6 20. Rxa3 Bb5 21. Qd5 Qxd5+ 22. exd5 Bc4 23. d6 Bd5 24. Rh2 Kd7 25. Ke3 Rh4 26. Ra1 Kxd6 27. Rg1 f5 28. Kd2 Bf3 29. Rg8 Ke6 30. Ke3 Bc6 31. Rd8 Ke7 32. Ra8 f4+ 33. Ke2 Bb5+ 34. Kd2 e4 35. Rg8 Bd7 36. Rg5 Kf6 37. Rc5 Ke6 38. Rh1 Bc6 39. Re1 e3+ 40. fxe3 f3 41. Rh1 f6 42. Rh2 f5 43. Ke1 Re4 44. Kf2 f4 45. Kxf3 Rc4+ 46. Rxc6+ bxc6 47. exf4 Kf5 48. Ke3 Rxc3+ 49. Kd4 Rf3 50. h4 Kxf4 51. h5 Kg3 52. Rh1 Kg2 53. Ra1 Rh3 54. Rxa6 Rxh5 55. Rxc6 1-0

[Event "Plunge-ch"]
[Site "Plunge"]
[Date "2008.02.24"]
[Round "6.2"]
[White "Vasylius, Kestutis"]
[Black "Macenis, Audrius"]
[Result "0-1"]
[WhiteElo "2070"]
[BlackElo "2078"]
[PlyCount "46"]
[EventDate "2008.01.20"]
[EventType "tourn"]
[EventRounds "11"]
[EventCountry "LTU"]
[SourceTitle "EXT 2023"]
[Source "ChessBase"]
[SourceDate "2022.10.05"]
[SourceVersion "1"]
[SourceVersionDate "2022.10.05"]
[SourceQuality "1"]

1. Nf3 Nf6 2. c4 b6 3. Nc3 Bb7 4. d4 e6 5. Bg5 Bb4 6. Qc2 h6 7. Bh4 g5 8. Bg3 Ne4 9. e3 f5 10. Nd2 Bxc3 11. bxc3 d6 12. f3 Nxd2 13. Kxd2 Nd7 14. h4 Qf6 15. hxg5 hxg5 16. Rxh8+ Qxh8 17. c5 bxc5 18. Qa4 Ke7 19. Qb5 Rb8 20. Qa5 cxd4 21. exd4 Bd5 22. Bb5 c6 23. Bd3 f4 0-1

[Event "Plunge-ch"]
[Site "Plunge"]
[Date "2008.01.27"]
[Round "2.2"]
[White "Macenis, Audrius"]
[Black "Petrauskas, Saulius"]
[Result "1-0"]
[WhiteElo "2078"]
[BlackElo "1993"]
[PlyCount "105"]
[EventDate "2008.01.20"]
[EventType "tourn"]
[EventRounds "11"]
[EventCountry "LTU"]
[SourceTitle "EXT 2023"]
[Source "ChessBase"]
[SourceDate "2022.10.05"]
[SourceVersion "1"]
[SourceVersionDate "2022.10.05"]
[SourceQuality "1"]

1. e4 e6 2. d4 d5 3. Nd2 c5 4. Ngf3 Nf6 5. exd5 Nxd5 6. dxc5 Bxc5 7. Ne4 Be7 8. c4 f5 9. cxd5 fxe4 10. Qa4+ Bd7 11. Qxe4 Qa5+ 12. Bd2 Qxd5 13. Qxd5 exd5 14. Ne5 Bc6 15. Nxc6 bxc6 16. Rc1 0-0 17. Be2 Bf6 18. Rc2 Re8 19. Bf4 Be5 20. Bxe5 Rxe5 21. Kd2 a5 22. Rhc1 Kf8 23. Rc3 Ke7 24. Rb3 Kd6 25. Rb7 Re7 26. Rxe7 Kxe7 27. Rc3 Kd6 28. Rf3 Ra7 29. Rf8 Rb7 30. Kc2 h6 31. f4 Re7 32. Kd2 Kc7 33. g4 Nd7 34. Ra8 Re4 35. f5 Rd4+ 36. Ke1 Rb4 37. b3 a4 38. Rxa4 Rxa4 39. bxa4 Kb6 40. h4 c5 41. g5 hxg5 42. hxg5 c4 43. Bh5 d4 44. Be8 Ne5 45. f6 gxf6 46. gxf6 c3 47. f7 Ng6 48. Bd7 Ka5 49. Bf5 Nf8 50. Ke2 Kxa4 51. Kd3 Ka3 52. Kxd4 Ne6+ 53. Kxc3 1-0

[Event "LTU-chT 0708"]
[Site "Lithuania"]
[Date "2008.01.20"]
[Round "6"]
[White "Pileckis, Emilis"]
[Black "Macenis, Audrius"]
[Result "1-0"]
[WhiteElo "2364"]
[BlackElo "2078"]
[PlyCount "107"]
[EventDate "2007.09.30"]
[EventType "team"]
[EventRounds "9"]
[EventCountry "LTU"]
[SourceTitle "EXT 2009"]
[Source "ChessBase"]
[SourceDate "2008.11.26"]
[SourceVersion "1"]
[SourceVersionDate "2008.11.26"]
[SourceQuality "1"]

1. Nf3 Nf6 2. c4 b6 3. g3 Bb7 4. Bg2 e6 5. 0-0 Be7 6. Nc3 0-0 7. Re1 d5 8. cxd5 Nxd5 9. Nxd5 Bxd5 10. d4 c5 11. e4 Bb7 12. Bf4 cxd4 13. Nxd4 Nd7 14. Be3 Bc5 15. Qa4 e5 16. Nb3 Bxe3 17. Rxe3 Qe7 18. Rc1 Nf6 19. Rec3 Rfc8 20. f3 Rxc3 21. Rxc3 a5 22. Qb5 Qd6 23. Bf1 h6 24. Rd3 Qc7 25. Rc3 Qd6 26. Qd3 Qxd3 27. Rxd3 Ba6 28. Rc3 Bxf1 29. Kxf1 Rd8 30. Ke2 Rd6 31. Rc8+ Kh7 32. Nd2 Nd7 33. Rc7 Rd4 34. Nc4 a4 35. Ne3 Nc5 36. Rxf7 Rb4 37. Nd1 Rc4 38. Re7 Rc2+ 39. Ke3 Rxh2 40. Rxe5 a3 41. bxa3 Rxa2 42. Rd5 Rxa3+ 43. Ke2 Kg8 44. Nf2 Na4 45. Rd8+ Kf7 46. Rd7+ Kf8 47. Nd3 b5 48. Rb7 Rb3 49. e5 Nc3+ 50. Kd2 Nd5 51. e6 b4 52. Ne5 Re3 53. Ng6+ Kg8 54. Ne7+ 1-0

[Event "Four Nations U20"]
[Site "Oslo"]
[Date "2007.11.30"]
[Round "1"]
[White "Macenis, Audrius"]
[Black "Rosberg, Simon"]
[Result "1/2-1/2"]
[WhiteElo "2091"]
[BlackElo "2213"]
[PlyCount "62"]
[EventDate "2007.11.30"]
[EventType "team"]
[EventRounds "3"]
[EventCountry "NOR"]
[SourceTitle "CBM 121 Extra"]
[Source "ChessBase"]
[SourceDate "2008.01.10"]
[SourceVersion "1"]
[SourceVersionDate "2008.01.10"]
[SourceQuality "1"]

1. e4 c5 2. Nf3 Nc6 3. Bb5 g6 4. 0-0 Bg7 5. Bxc6 dxc6 6. d3 e5 7. Be3 Qe7 8. h3 Nf6 9. Qd2 0-0 10. Bh6 Nh5 11. Bxg7 Kxg7 12. Nc3 Qf6 13. Qe3 b6 14. Ne2 Nf4 15. c3 g5 16. Nxf4 gxf4 17. Qe2 Qe7 18. d4 f6 19. Rfd1 Kh8 20. Kh2 Rg8 21. dxe5 fxe5 22. Qd2 Qg7 23. Rg1 Qf6 24. Rad1 Bg4 25. Qd6 Qxd6 26. Rxd6 Bxf3 27. gxf3 Rxg1 28. Kxg1 Rg8+ 29. Kf1 Rg6 30. Rd8+ Rg8 31. Rd6 Rg6 1/2-1/2